Name all 196 Countries... Without a map - Statistics

General Stats
  • This quiz has been taken 224 times
    217 since last reset
  • The average score is 166 of 196
Answer Stats
Answer % Correct
United States
93%
Australia
92%
Mexico
92%
Brazil
91%
Canada
91%
China
91%
France
91%
Germany
91%
India
91%
Norway
91%
Paraguay
91%
United Kingdom
91%
Uruguay
91%
Afghanistan
90%
Chile
90%
Dominican Republic
90%
Finland
90%
Sweden
90%
Argentina
89%
Democratic Republic of the Congo
89%
Honduras
89%
New Zealand
89%
Russia
89%
Venezuela
89%
Angola
88%
Barbados
88%
Colombia
88%
Dominica
88%
Egypt
88%
El Salvador
88%
Haiti
88%
Iran
88%
Japan
88%
Qatar
88%
Vatican City
88%
Andorra
87%
Azerbaijan
87%
Bolivia
87%
Croatia
87%
Denmark
87%
Fiji
87%
Guinea
87%
Iraq
87%
Ireland
87%
Israel
87%
Kazakhstan
87%
Libya
87%
Liechtenstein
87%
Luxembourg
87%
Mongolia
87%
Niger
87%
Nigeria
87%
North Korea
87%
Oman
87%
Panama
87%
Peru
87%
Portugal
87%
Republic of the Congo
87%
South Africa
87%
Spain
87%
Uzbekistan
87%
Yemen
87%
Zambia
87%
Zimbabwe
87%
Algeria
86%
Armenia
86%
Austria
86%
Bahrain
86%
Belgium
86%
Belize
86%
Bhutan
86%
Cambodia
86%
Chad
86%
Cuba
86%
Ghana
86%
Iceland
86%
Jamaica
86%
Latvia
86%
Pakistan
86%
Romania
86%
Saint Lucia
86%
Suriname
86%
Thailand
86%
Albania
85%
Ecuador
85%
Eritrea
85%
Estonia
85%
Georgia
85%
Guatemala
85%
Hungary
85%
Indonesia
85%
Kuwait
85%
Lithuania
85%
Madagascar
85%
Netherlands
85%
Nicaragua
85%
South Korea
85%
Sudan
85%
Switzerland
85%
Turkmenistan
85%
Vietnam
85%
Antigua and Barbuda
84%
Bahamas
84%
Grenada
84%
Jordan
84%
Kenya
84%
Montenegro
84%
Nepal
84%
Papua New Guinea
84%
Poland
84%
Slovakia
84%
Slovenia
84%
South Sudan
84%
Tanzania
84%
Togo
84%
Turkey
84%
Ukraine
84%
Bangladesh
83%
Benin
83%
Bosnia and Herzegovina
83%
Botswana
83%
Bulgaria
83%
Ethiopia
83%
Greece
83%
Guinea-Bissau
83%
Guyana
83%
Italy
83%
Kosovo
83%
Laos
83%
Malawi
83%
Malaysia
83%
Mali
83%
Monaco
83%
Morocco
83%
Myanmar
83%
North Macedonia
83%
Philippines
83%
Saint Kitts and Nevis
83%
Saint Vincent and the Grenadines
83%
San Marino
83%
Saudi Arabia
83%
Tajikistan
83%
Uganda
83%
Central African Republic
82%
Cyprus
82%
Equatorial Guinea
82%
Ivory Coast
82%
Lesotho
82%
Liberia
82%
Malta
82%
Marshall Islands
82%
Somalia
82%
Taiwan
82%
Trinidad and Tobago
82%
United Arab Emirates
82%
Vanuatu
82%
Belarus
81%
Costa Rica
81%
Czech Republic
81%
Djibouti
81%
Federated States of Micronesia
81%
Moldova
81%
Mozambique
81%
Namibia
81%
Nauru
81%
Rwanda
81%
Solomon Islands
81%
Sri Lanka
81%
Tunisia
81%
Brunei
80%
Burundi
80%
Cameroon
80%
Comoros
80%
Eswatini
80%
Gambia
80%
Kiribati
80%
Kyrgyzstan
80%
Lebanon
80%
Maldives
80%
Palau
80%
São Tomé and Principe
80%
Senegal
80%
Seychelles
80%
Singapore
80%
Syria
80%
Tonga
80%
Tuvalu
80%
Mauritania
79%
Mauritius
79%
Samoa
79%
Cape Verde
78%
Gabon
78%
Serbia
78%
East Timor
77%
Burkina Faso
76%
Sierra Leone
76%
No matching quizzes found
Score Distribution
Percent of People with Each Score
Percentile by Number Answered
Your Score History
You have not taken this quiz since the last reset